[Event "Summer Prague Open 2021 - A"]
[Site "?"]
[Date "2021.08.06"]
[Round "1.1"]
[White "Pap, Gyula"]
[Black "Gorkiewicz, Mateusz"]
[Result "1-0"]
[WhiteElo "2519"]
[BlackElo "1989"]
[Annotator "micha"]
[PlyCount "59"]
[EventDate "2021.??.??"]
[WhiteClock "0:06:38"]
[BlackClock "0:19:40"]

1. b3 e5 2. Bb2 Nc6 3. c4 Nf6 4. e3 d5 5. cxd5 Nxd5 6. a3 Bd6 7. Qc2 O-O 8. Nf3
Qe7 9. d3 f6 10. g3 Qf7 11. Bg2 Be6 12. O-O Nb6 13. Nbd2 Na5 14. Nc4 Nbxc4 15.
dxc4 c5 16. Rad1 Rfd8 17. Nd2 Rab8 18. Ne4 Bf8 19. f4 Rxd1 20. Qxd1 exf4 21.
Rxf4 Qd7 22. Qe1 Nc6 23. Rxf6 Bf5 24. Nxc5 Bxc5 25. Bd5+ Kh8 26. Rf7 Qxf7 27.
Bxf7 Rf8 28. Bd5 Re8 29. Kf2 Bc2 30. b4 1-0

[Event "Summer Prague Open 2021 - A"]
[Site "?"]
[Date "2021.08.06"]
[Round "1.2"]
[White "Kucera, Tomas"]
[Black "Petr, Martin"]
[Result "0-1"]
[WhiteElo "1988"]
[BlackElo "2503"]
[PlyCount "98"]
[EventDate "2021.??.??"]
[WhiteClock "1:00:14"]
[BlackClock "0:22:36"]

1. Nf3 d5 2. g3 g6 3. Bg2 Bg7 4. d3 e5 5. Nbd2 Nc6 6. O-O Nge7 7. e4 O-O 8. h3
h6 9. c3 Be6 10. Kh2 a5 11. a4 Qd7 12. Qe2 Rad8 13. exd5 Bxd5 14. Nc4 Bxf3 15.
Qxf3 Qxd3 16. Qxd3 Rxd3 17. Be3 b6 18. Rad1 Rfd8 19. Rxd3 Rxd3 20. Re1 f5 21.
h4 Kh7 22. Kg1 Bf6 23. Kf1 Kg7 24. Ke2 Rd8 25. Rd1 Rxd1 26. Kxd1 e4 27. Bd2 Ne5
28. Nxe5 Bxe5 29. Bf1 Nd5 30. Bc4 c6 31. Bxd5 cxd5 32. Be3 Bc7 33. Kc2 f4 34.
Bd4+ Kf7 35. g4 h5 36. gxh5 gxh5 37. c4 dxc4 38. Kc3 e3 39. fxe3 f3 40. Kd2 Ke6
41. e4 Bf4+ 42. Kd1 Bg3 43. Bxb6 Bxh4 44. Bxa5 Bg3 45. Bd8 h4 46. a5 h3 47. a6
h2 48. a7 h1=Q+ 49. Kc2 Qa1 0-1

[Event "Summer Prague Open 2021 - A"]
[Site "?"]
[Date "2021.08.06"]
[Round "1.3"]
[White "Jurcik, Marian"]
[Black "Spirek, Adam"]
[Result "1-0"]
[WhiteElo "2419"]
[BlackElo "1987"]
[PlyCount "65"]
[EventDate "2021.??.??"]
[WhiteClock "0:04:08"]
[BlackClock "0:57:17"]

1. e4 d5 2. exd5 Nf6 3. d4 Bg4 4. Be2 Bxe2 5. Qxe2 Qxd5 6. Nf3 e6 7. c4 Qe4 8.
Be3 Bb4+ 9. Nbd2 Bxd2+ 10. Qxd2 Ng4 11. O-O Nxe3 12. Qxe3 Qxe3 13. fxe3 f5 14.
e4 Nc6 15. exf5 Rd8 16. fxe6 Nxd4 17. Rae1 Nxf3+ 18. Rxf3 Rd4 19. Rf7 Rxc4 20.
Rxg7 Rc6 21. h3 Kf8 22. Rd7 Ke8 23. Rf1 h5 24. Rff7 Rg8 25. Rfe7+ Kf8 26. Rxc7
h4 27. Rf7+ Ke8 28. Rce7+ Kd8 29. Rxb7 Kc8 30. Rxa7 Kb8 31. Rfb7+ Kc8 32. Rg7
Rxg7 33. Rxg7 1-0

[Event "Summer Prague Open 2021 - A"]
[Site "?"]
[Date "2021.08.06"]
[Round "1.4"]
[White "Paar, Johannes"]
[Black "Neuman, Petr"]
[Result "0-1"]
[WhiteElo "1981"]
[BlackElo "2402"]
[PlyCount "72"]
[EventDate "2021.??.??"]
[WhiteClock "1:15:16"]
[BlackClock "0:07:26"]

1. d4 d6 2. c4 e5 3. dxe5 dxe5 4. Qxd8+ Kxd8 5. Nc3 Be6 6. e4 Bc5 7. f4 exf4 8.
Bxf4 c6 9. Nf3 Nd7 10. Ng5 Ngf6 11. Nxe6+ fxe6 12. Be2 e5 13. Bg5 h6 14. Bd2
Bd4 15. O-O-O Kc7 16. Rhf1 Rhf8 17. Bf3 Nc5 18. Kc2 Rad8 19. b4 Ne6 20. Ne2 c5
21. a3 g5 22. Nc3 Bxc3 23. Bxc3 Nd4+ 24. Bxd4 Rxd4 25. Rxd4 exd4 26. Bg4 Nd7
27. Rxf8 Nxf8 28. bxc5 Ng6 29. Be6 Kc6 30. Bd5+ Kxc5 31. Kb3 b6 32. g3 Ne5 33.
h4 gxh4 34. gxh4 Nf3 35. h5 Nd2+ 36. Kc2 Nxc4 0-1

[Event "Summer Prague Open 2021 - A"]
[Site "?"]
[Date "2021.08.06"]
[Round "1.5"]
[White "Finek, Vaclav"]
[Black "Dotzer, Lukas"]
[Result "1-0"]
[WhiteElo "2372"]
[BlackElo "1978"]
[PlyCount "67"]
[EventDate "2021.??.??"]
[WhiteClock "0:03:23"]
[BlackClock "0:11:35"]

1. d4 Nf6 2. c4 g6 3. Nf3 Bg7 4. g3 O-O 5. Bg2 c6 6. O-O d5 7. cxd5 cxd5 8. Ne5
Bf5 9. Nc3 Nc6 10. Nxc6 bxc6 11. Bf4 Ne4 12. Na4 f6 13. Rc1 e5 14. Be3 Rc8 15.
f3 Nd6 16. dxe5 fxe5 17. Rxc6 d4 18. Qb3+ Kh8 19. Rxc8 Qxc8 20. Rc1 Qa6 21. Bg5
h6 22. Nc5 Qc6 23. Bd2 Qb6 24. Qxb6 axb6 25. Nd3 Ra8 26. Bb4 Bxd3 27. exd3 Nf5
28. a3 h5 29. f4 Re8 30. fxe5 Bh6 31. Rc6 Rxe5 32. Be4 Ne7 33. Rxb6 Be3+ 34.
Kh1 1-0

[Event "Summer Prague Open 2021 - A"]
[Site "?"]
[Date "2021.08.06"]
[Round "1.6"]
[White "Valkova, Angelika"]
[Black "Plischki, Sebastian"]
[Result "0-1"]
[WhiteElo "1978"]
[BlackElo "2356"]
[PlyCount "126"]
[EventDate "2021.??.??"]
[WhiteClock "0:26:04"]
[BlackClock "0:09:51"]

1. d4 Nf6 2. c4 c5 3. d5 d6 4. Nc3 g6 5. e4 Bg7 6. Nf3 O-O 7. Be2 e6 8. O-O
exd5 9. cxd5 a6 10. a4 Bg4 11. Nd2 Bxe2 12. Qxe2 Nbd7 13. Nc4 Nb6 14. Nxd6 Qxd6
15. e5 Qe7 16. Bg5 Rfe8 17. exf6 Qxe2 18. Nxe2 Rxe2 19. fxg7 Nxd5 20. Rfd1 Rae8
21. g4 f6 22. Rxd5 fxg5 23. b3 R2e5 24. Rad1 b6 25. Rxe5 Rxe5 26. Rd6 Re4 27.
Rxb6 Rxg4+ 28. Kf1 Kxg7 29. a5 c4 30. Rb4 Kf6 31. bxc4 Ke5 32. Ke2 Rh4 33. Rb6
Rxc4 34. Rxa6 Ra4 35. Kf3 Kf5 36. Ra8 Ra3+ 37. Kg2 g4 38. a6 h5 39. a7 Kg5 40.
f4+ Kh4 41. Rg8 Rxa7 42. Rxg6 Ra2+ 43. Kg1 Kh3 44. f5 Rg2+ 45. Kf1 Rxh2 46. f6
g3 47. Rg5 Rf2+ 48. Kg1 h4 49. Ra5 Rxf6 50. Ra2 Kg4 51. Ra8 h3 52. Rg8+ Kf3 53.
Rh8 Rf4 54. Rh7 Rd4 55. Rf7+ Ke4 56. Re7+ Kf5 57. Rf7+ Ke6 58. Rf1 Rd2 59. Ra1
Ke5 60. Re1+ Kd4 61. Ra1 Ke3 62. Re1+ Kd3 63. Ra1 Ke2 0-1

[Event "Summer Prague Open 2021 - A"]
[Site "?"]
[Date "2021.08.06"]
[Round "1.7"]
[White "Hrabusa, Matej"]
[Black "Lhotsky, Frantisek"]
[Result "1-0"]
[WhiteElo "2350"]
[BlackElo "1977"]
[PlyCount "44"]
[EventDate "2021.??.??"]
[WhiteClock "0:30:48"]
[BlackClock "0:57:43"]

1. d4 d5 2. Bf4 Nf6 3. e3 c5 4. c3 Nc6 5. Nd2 Bf5 6. Ngf3 e6 7. Nh4 Bg4 8. Qb3
Qb6 9. h3 Bh5 10. g4 Bg6 11. Nxg6 hxg6 12. Bg2 Qxb3 13. axb3 cxd4 14. exd4 Kd7
15. b4 Bd6 16. Bxd6 Kxd6 17. O-O Nh7 18. f4 g5 19. f5 f6 20. fxe6 b5 21. Ra6
Rhe8 22. Rf5 Rxe6 1-0

[Event "Summer Prague Open 2021 - A"]
[Site "?"]
[Date "2021.08.06"]
[Round "1.8"]
[White "Tesar, Jan"]
[Black "Sorm, Daniel"]
[Result "1/2-1/2"]
[WhiteElo "1976"]
[BlackElo "2350"]
[PlyCount "107"]
[EventDate "2021.??.??"]
[WhiteClock "0:20:58"]
[BlackClock "0:03:36"]

1. d4 d5 2. Nf3 Nf6 3. e3 c5 4. dxc5 e6 5. b4 b6 6. Bb5+ Bd7 7. Bxd7+ Qxd7 8.
cxb6 axb6 9. c3 Ra4 10. O-O Bd6 11. Bb2 O-O 12. Nbd2 Na6 13. a3 b5 14. Qe2 Qb7
15. Rfe1 Nc7 16. Rad1 Be7 17. e4 Re8 18. e5 Nd7 19. Nd4 Raa8 20. f4 f6 21. Qh5
g6 22. Qh3 f5 23. g4 Bf8 24. Kh1 Bg7 25. Rg1 Re7 26. Qg2 Nb6 27. h4 fxg4 28.
Qxg4 Nc4 29. Nxc4 dxc4+ 30. Kh2 Rf8 31. Rdf1 Qe4 32. Bc1 Rd8 33. Re1 Qb7 34. h5
gxh5 35. Qxh5 Rf8 36. Rg3 Nd5 37. f5 exf5 38. Nxf5 Rxf5 39. Qxf5 Rf7 40. Qg5
Rf2+ 41. Rg2 Rxg2+ 42. Qxg2 Qf7 43. Kg1 Qe6 44. Qg3 h5 45. Bg5 Kh7 46. Re2 Qg6
47. Kg2 Qd3 48. Qf3 Nxc3 49. Qxh5+ Kg8 50. Re3 Qd5+ 51. Rf3 Nd1 52. Qe8+ Kh7
53. Qh5+ Kg8 54. Qe8+ 1/2-1/2

[Event "Summer Prague Open 2021 - A"]
[Site "?"]
[Date "2021.08.06"]
[Round "1.9"]
[White "Mica, Marek"]
[Black "Syrkiewicz, Michal"]
[Result "1/2-1/2"]
[WhiteElo "2316"]
[BlackElo "1975"]
[PlyCount "80"]
[EventDate "2021.??.??"]
[WhiteClock "0:12:01"]
[BlackClock "0:21:44"]

1. d4 Nf6 2. c4 e6 3. g3 Bb4+ 4. Nd2 O-O 5. Bg2 d5 6. Ngf3 b6 7. O-O Bb7 8. Ne5
Nbd7 9. Qa4 Bxd2 10. Bxd2 Nxe5 11. dxe5 Ne4 12. Be3 Qe7 13. Rfd1 Rfd8 14. Bxe4
dxe4 15. Rxd8+ Qxd8 16. Rd1 Qe8 17. Qxe8+ Rxe8 18. b4 Kf8 19. a4 Ke7 20. a5 f6
21. exf6+ gxf6 22. b5 Bc8 23. c5 bxa5 24. Ra1 a6 25. c6 Rd8 26. Bc5+ Ke8 27.
Rxa5 Rd5 28. bxa6 Bxa6 29. f3 exf3 30. e4 Re5 31. Kf2 Kf7 32. Bb6 Rxa5 33. Bxa5
Bb5 34. Kxf3 Bxc6 35. Ke3 f5 36. e5 Bd5 37. Bxc7 Kg6 38. Bd8 Kh5 39. Kf4 Bb3
40. h3 Bd1 1/2-1/2

[Event "Summer Prague Open 2021 - A"]
[Site "?"]
[Date "2021.08.06"]
[Round "1.10"]
[White "Paseka, Matyas"]
[Black "Mladek, Richard"]
[Result "1/2-1/2"]
[WhiteElo "1969"]
[BlackElo "2315"]
[PlyCount "113"]
[EventDate "2021.??.??"]
[WhiteClock "0:14:50"]
[BlackClock "0:02:26"]

1. e4 e5 2. Nf3 Nc6 3. Bb5 a6 4. Ba4 Nf6 5. O-O Be7 6. Re1 b5 7. Bb3 O-O 8. h3
d6 9. c3 Nb8 10. d4 Nbd7 11. Nbd2 Bb7 12. a4 c5 13. d5 c4 14. Bc2 Nc5 15. Nf1
bxa4 16. Ng3 Nfd7 17. Nf5 g6 18. Nxe7+ Qxe7 19. Bg5 f6 20. Bh6 Rfb8 21. Re3 Bc8
22. Ra2 Nd3 23. Bxd3 cxd3 24. Qxd3 Nc5 25. Qc2 f5 26. exf5 Bxf5 27. Qd2 Qb7 28.
c4 Bb1 29. Raa3 Qxb2 30. Qa5 Qb6 31. Qc3 Qb4 32. Qc1 Qb2 33. Qe1 e4 34. Ng5 Qd4
35. Qe2 Qe5 36. Qg4 Bc2 37. Rg3 Rb1+ 38. Kh2 Bd1 39. f3 exf3 40. Nxh7 Bc2 41.
Raxf3 Qa1 42. Nf6+ Kh8 43. Bc1 Kg7 44. Nh5+ Kg8 45. Qh4 Nd7 46. Nf6+ Nxf6 47.
Rxf6 Ra7 48. Qf4 Rxc1 49. Re3 Rh1+ 50. Kg3 Rxh3+ 51. Kxh3 Bf5+ 52. Rxf5 Rh7+
53. Kg3 gxf5 54. Qxd6 Rg7+ 55. Kh2 Rh7+ 56. Kg3 Rg7+ 57. Kh2 1/2-1/2

[Event "Summer Prague Open 2021 - A"]
[Site "?"]
[Date "2021.08.06"]
[Round "1.11"]
[White "Kulhanek, Tomas"]
[Black "Vavruska, Antonin"]
[Result "1-0"]
[WhiteElo "2314"]
[BlackElo "1966"]
[PlyCount "77"]
[EventDate "2021.??.??"]
[WhiteClock "0:05:20"]
[BlackClock "0:03:49"]

1. e4 e6 2. d4 d5 3. Nd2 dxe4 4. Nxe4 Nd7 5. Nf3 Be7 6. Bd3 Ngf6 7. Nxf6+ Nxf6
8. Qe2 O-O 9. Bg5 Qd5 10. O-O Rd8 11. c4 Qa5 12. a3 c6 13. Rad1 Qc7 14. Bb1 b6
15. Ne5 Bb7 16. Qd3 g6 17. Qh3 Nh5 18. Bxe7 Qxe7 19. Rfe1 Qg5 20. Qf3 Qf4 21.
Be4 Rac8 22. Qb3 Rc7 23. c5 b5 24. g3 Qg5 25. Qf3 Rdc8 26. a4 a6 27. axb5 axb5
28. Bc2 Qd8 29. Ng4 Ra8 30. Bb3 Qg5 31. Re5 Qd8 32. Rxh5 gxh5 33. Nf6+ Kh8 34.
Qf4 Kg7 35. Qg5+ Kf8 36. Nxh7+ Ke8 37. Nf6+ Kf8 38. Bxe6 Bc8 39. Qg8+ 1-0

[Event "Summer Prague Open 2021 - A"]
[Site "?"]
[Date "2021.08.06"]
[Round "1.12"]
[White "Psaila, Clarence"]
[Black "Svanda, Ondrej"]
[Result "0-1"]
[WhiteElo "1965"]
[BlackElo "2312"]
[PlyCount "56"]
[EventDate "2021.??.??"]
[WhiteClock "0:55:22"]
[BlackClock "0:35:28"]

1. d4 Nf6 2. Bg5 c5 3. d5 Ne4 4. Bc1 e6 5. Nd2 exd5 6. Nxe4 dxe4 7. Qd5 Be7 8.
Qxe4 d5 9. Qf3 Nc6 10. c3 O-O 11. e3 d4 12. Bb5 dxc3 13. Bxc6 Bf6 14. Be4 cxb2
15. Bxb2 Bxb2 16. Rd1 Qa5+ 17. Kf1 Be6 18. g3 Rad8 19. Kg2 Rxd1 20. Qxd1 Qxa2
21. Qc2 f5 22. Bxb7 Qb3 23. Qxb3 Bxb3 24. Ne2 Rb8 25. Bf3 a5 26. Nc1 Bc4 27.
Rd1 a4 28. Nd3 a3 0-1

[Event "Summer Prague Open 2021 - A"]
[Site "?"]
[Date "2021.08.06"]
[Round "1.13"]
[White "Stalmach, Richard"]
[Black "Raddatz, Michael"]
[Result "1-0"]
[WhiteElo "2305"]
[BlackElo "1963"]
[PlyCount "49"]
[EventDate "2021.??.??"]
[WhiteClock "0:31:19"]
[BlackClock "0:23:06"]

1. Nf3 c5 2. c4 Nc6 3. Nc3 Nf6 4. g3 e6 5. Bg2 Be7 6. O-O O-O 7. d4 cxd4 8.
Nxd4 a6 9. b3 Qa5 10. Bb2 Rd8 11. Rc1 Qh5 12. e4 Nxd4 13. Qxd4 Bc5 14. Qd2 d6
15. Na4 Ba7 16. e5 Ng4 17. h3 Nxe5 18. c5 Nf3+ 19. Bxf3 Qxf3 20. Bxg7 Qf5 21.
Bb2 Bd7 22. Rc4 Kf8 23. Qxd6+ Ke8 24. Rg4 Qxg4 25. Bf6 1-0

[Event "Summer Prague Open 2021 - A"]
[Site "Olympik hotel, Sokolovska 138"]
[Date "2021.08.06"]
[Round "1.15"]
[White "Bluebaum, Karl-Ernst"]
[Black "Hajek, Zdenek"]
[Result "1-0"]
[WhiteElo "2281"]
[BlackElo "1958"]
[PlyCount "103"]
[EventDate "2021.08.06"]

1. d4 Nf6 2. c4 e6 3. Nc3 d5 4. cxd5 exd5 5. Bg5 Be7 6. e3 O-O 7. Bd3 b6 8.
Bxf6 Bxf6 9. Qh5 g6 10. Qxd5 Bd7 11. Nge2 Bc6 12. Qxd8 Rxd8 13. O-O Nd7 14.
Rfd1 Bg7 15. Rac1 Nf6 16. Ng3 Rac8 17. b4 Bf8 18. Rb1 Nd5 19. Nxd5 Bxd5 20. a3
c5 21. Ba6 Rb8 22. bxc5 bxc5 23. Rxb8 Rxb8 24. dxc5 Bc6 25. Rc1 Rb3 26. a4 Rb4
27. Bb5 Bxb5 28. axb5 Rxb5 29. c6 Rb8 30. Ne4 Be7 31. Nc3 Rc8 32. Nd5 Bd6 33.
e4 Kg7 34. f4 f6 35. Kf2 a5 36. Ke3 Kf7 37. Kd4 Ke6 38. g3 h6 39. Rc4 g5 40.
f5+ Kf7 41. Nb6 Rd8 42. Nd5 Rc8 43. Kc3 h5 44. Kb3 h4 45. gxh4 Bxh2 46. hxg5
fxg5 47. Ne3 Bf4 48. Ng4 Rb8+ 49. Ka4 Bd2 50. c7 Rc8 51. Kb5 Bf4 52. e5 1-0

[Event "Summer Prague Open 2021 - A"]
[Site "Olympik hotel, Sokolovska 138"]
[Date "2021.08.06"]
[Round "1.16"]
[White "Thomas, Tobias"]
[Black "Kusa, Jakub"]
[Result "0-1"]
[WhiteElo "1958"]
[BlackElo "2280"]
[PlyCount "82"]
[EventDate "2021.08.06"]

1. e4 e5 2. Nf3 Nc6 3. Nc3 Nf6 4. d4 exd4 5. Nxd4 Bb4 6. Nxc6 bxc6 7. Bd3 d5 8.
exd5 O-O 9. O-O Bg4 10. Ne2 cxd5 11. h3 Bh5 12. c4 Re8 13. Qc2 Bxe2 14. Bxe2 d4
15. a3 Bf8 16. Rd1 Qd7 17. Be3 c5 18. Bf3 Rab8 19. Bg5 Qe6 20. Bxf6 Qxf6 21.
Re1 Bd6 22. Qa4 Rf8 23. Qc6 Rb6 24. Qe4 Rxb2 25. Rab1 Rb6 26. Rxb6 axb6 27. Qc6
g6 28. Bd5 Kg7 29. g3 Rb8 30. Qd7 Rd8 31. Qb7 Be5 32. f4 Bd6 33. Qxb6 Rb8 34.
Qa7 Rb3 35. Kg2 Qf5 36. Rf1 g5 37. g4 Qf6 38. Qa4 Rb2+ 39. Kh1 Bxf4 40. Bg2 Qe5
41. Qd7 Qe3 0-1

[Event "Summer Prague Open 2021 - A"]
[Site "Olympik hotel, Sokolovska 138"]
[Date "2021.08.06"]
[Round "1.17"]
[White "Schirm, Friedmar"]
[Black "Hoke, Petr"]
[Result "1-0"]
[WhiteElo "2268"]
[BlackElo "1957"]
[PlyCount "79"]
[EventDate "2021.08.06"]

1. Nf3 d6 2. d4 g6 3. c4 Bg7 4. Nc3 Nd7 5. e4 c5 6. Be2 cxd4 7. Nxd4 Qb6 8.
Ndb5 Bxc3+ 9. Nxc3 Ngf6 10. O-O Nc5 11. Be3 Qxb2 12. Nb5 O-O 13. Bd4 Qb4 14.
Bxf6 exf6 15. Qxd6 Na6 16. Qxf6 Be6 17. Nd4 Nc5 18. Rab1 Qd2 19. Qe5 Nd7 20.
Qd6 b6 21. Rbd1 Qxa2 22. Nxe6 Qxe2 23. Qxd7 fxe6 24. Qxe6+ Rf7 25. Rd7 Raf8 26.
Rxa7 Kg7 27. Rxf7+ Rxf7 28. e5 h5 29. h3 g5 30. Qd6 Qxc4 31. e6 Qc7 32. Qd5 Rf6
33. Qxg5+ Rg6 34. Qd5 Qe7 35. Re1 h4 36. f4 b5 37. f5 Rg3 38. Qxb5 Kf6 39. Qe5+
Kg5 40. f6+ 1-0

[Event "Summer Prague Open 2021 - A"]
[Site "Olympik hotel, Sokolovska 138"]
[Date "2021.08.06"]
[Round "1.18"]
[White "Svizensky, Lubos"]
[Black "Neukirchner, Pascal"]
[Result "1/2-1/2"]
[WhiteElo "1954"]
[BlackElo "2266"]
[PlyCount "45"]
[EventDate "2021.08.06"]

1. d4 Nf6 2. Nf3 c5 3. c3 d5 4. Bf4 Nc6 5. e3 Qb6 6. Qc1 Nh5 7. Bg5 f6 8. Bh4
g5 9. Bg3 Bf5 10. Nbd2 Rc8 11. Nb3 cxd4 12. Nfxd4 Bg6 13. Be2 Nxg3 14. hxg3 e5
15. Bg4 Nxd4 16. exd4 f5 17. Bh5 f4 18. gxf4 exf4 19. Qc2 Rc6 20. Qf5 Bxh5 21.
Rxh5 Re6+ 22. Kf1 Be7 23. Qxd5 1/2-1/2

[Event "Summer Prague Open 2021 - A"]
[Site "Olympik hotel, Sokolovska 138"]
[Date "2021.08.06"]
[Round "1.19"]
[White "Matras, Ondrej"]
[Black "Von Mettenheim, Johannes"]
[Result "1/2-1/2"]
[WhiteElo "2261"]
[BlackElo "1953"]
[PlyCount "110"]
[EventDate "2021.08.06"]

1. d4 Nf6 2. c4 e6 3. Nc3 Bb4 4. Qc2 O-O 5. Bg5 h6 6. Bh4 c5 7. dxc5 Na6 8. a3
Bxc3+ 9. Qxc3 Nxc5 10. Bxf6 Qxf6 11. Qxf6 gxf6 12. b4 Na4 13. Nf3 b6 14. e3 Ba6
15. Be2 Rac8 16. Nd2 Nb2 17. Ne4 f5 18. Nf6+ Kg7 19. Nxd7 Rfd8 20. Ne5 Nxc4 21.
Nxc4 Bxc4 22. Rc1 Bb3 23. Rxc8 Rxc8 24. O-O Rc2 25. Bd1 Rb2 26. Bxb3 Rxb3 27.
Ra1 Kf6 28. Kf1 Rb2 29. Rc1 Ra2 30. Rc3 Ke5 31. g3 Kd6 32. h4 e5 33. Kg2 e4 34.
h5 Kd7 35. Kf1 Ra1+ 36. Kg2 Rd1 37. b5 Rd5 38. a4 Rc5 39. Ra3 Ke6 40. Ra2 Kf6
41. Rd2 Rc4 42. Rd6+ Kg5 43. a5 bxa5 44. Rd7 Rc5 45. Rxf7 Rxb5 46. Rxa7 Kxh5
47. Ra6 Kg5 48. f4+ Kg4 49. Rg6+ Kh5 50. Ra6 Rb3 51. Kh3 Rxe3 52. Rxa5 Kg6 53.
Ra6+ Kg7 54. Ra7+ Kf6 55. Ra6+ Kg7 1/2-1/2

[Event "Summer Prague Open 2021 - A"]
[Site "Olympik hotel, Sokolovska 138"]
[Date "2021.08.06"]
[Round "1.20"]
[White "Pick, Stepan"]
[Black "Froeyman, Helmut"]
[Result "0-1"]
[WhiteElo "1950"]
[BlackElo "2260"]
[PlyCount "90"]
[EventDate "2021.08.06"]

1. Nf3 f5 2. g3 Nf6 3. Bg2 g6 4. d4 Bg7 5. O-O O-O 6. c4 d6 7. Nc3 c6 8. b3 Qc7
9. Qc2 e5 10. dxe5 dxe5 11. Ba3 Re8 12. Rad1 Bf8 13. Bxf8 Kxf8 14. e3 Na6 15.
Qb2 Qe7 16. Rfe1 e4 17. Nd4 Nc5 18. Bf1 a5 19. a3 Kg8 20. b4 axb4 21. axb4 Ne6
22. f4 exf3 23. Nxf3 Ng7 24. Nd4 Bd7 25. c5 Rad8 26. Bg2 Ne6 27. Nf3 Bc8 28.
Rxd8 Qxd8 29. Bf1 Ng7 30. Qd2 Be6 31. Qxd8 Rxd8 32. Nd4 Bf7 33. b5 cxb5 34.
Ncxb5 Rc8 35. Rc1 Ne4 36. c6 bxc6 37. Rxc6 Ra8 38. Bc4 Bxc4 39. Rxc4 Ne8 40.
Rc2 N8f6 41. Kg2 Ng4 42. Re2 Ra1 43. h3 Ngf6 44. Kf3 Rg1 45. g4 Ng5+ 0-1

[Event "Summer Prague Open 2021 - A"]
[Site "Olympik hotel, Sokolovska 138"]
[Date "2021.08.06"]
[Round "1.21"]
[White "Stillger, Bernhard"]
[Black "Angermuende, Dirk"]
[Result "1-0"]
[WhiteElo "2255"]
[BlackElo "1948"]
[PlyCount "99"]
[EventDate "2021.08.06"]

1. Nf3 d5 2. g3 Nf6 3. Bg2 c6 4. c4 h6 5. O-O Bf5 6. d3 e6 7. cxd5 exd5 8. Qb3
Qb6 9. Nc3 Be7 10. e4 dxe4 11. dxe4 Be6 12. Qc2 Na6 13. a3 Bb3 14. Qe2 Rd8 15.
Nh4 O-O 16. Nf5 Bc5 17. e5 Rfe8 18. Nxg7 Kxg7 19. exf6+ Kxf6 20. Ne4+ Rxe4 21.
Bxe4 Rh8 22. Bf4 Bd4 23. Rae1 Nc5 24. Bb1 Ne6 25. Be5+ Ke7 26. Bxh8 Bxh8 27.
Bc2 Bd5 28. Be4 Bb3 29. Bg2 Qd4 30. Rc1 a5 31. Rc3 Qb6 32. Re3 Bd4 33. Re4 Qc5
34. Re1 Bd5 35. Rg4 Bc4 36. Qd2 Bf6 37. Qc2 Bd4 38. b3 Bb5 39. Qxc5+ Bxc5 40.
a4 Bd3 41. Be4 Bb4 42. Re3 Ba6 43. Bd3 Bc5 44. Bxa6 Bxe3 45. Bxb7 Bc5 46. Bxc6
Kd6 47. Bb5 Ng5 48. Kg2 f6 49. h4 h5 50. Rf4 1-0

[Event "Summer Prague Open 2021 - A"]
[Site "Olympik hotel, Sokolovska 138"]
[Date "2021.08.06"]
[Round "1.22"]
[White "Lutz, Juergen"]
[Black "Hartge, Gedeon"]
[Result "0-1"]
[WhiteElo "1948"]
[BlackElo "2254"]
[PlyCount "78"]
[EventDate "2021.08.06"]

1. d4 Nf6 2. c4 c5 3. d5 b5 4. cxb5 a6 5. bxa6 g6 6. Nc3 Bg7 7. g3 O-O 8. Bg2
d6 9. Nf3 Nxa6 10. O-O Qb6 11. b3 Nc7 12. Nd2 Ba6 13. Rb1 Rfb8 14. Bb2 Qb7 15.
a4 Qc8 16. Nc4 Bxc4 17. bxc4 Rb4 18. Qd3 Nd7 19. f4 Nb6 20. Ba1 Na6 21. Na2
Bxa1 22. Rxa1 Rxa4 23. Rab1 Qd8 24. Nc3 Rxc4 25. f5 Nb4 26. Qf3 Qf8 27. fxg6
hxg6 28. Ne4 Nd7 29. Qb3 Ne5 30. Ng5 Rg4 31. Qe3 Qh6 32. h4 Nc2 33. Qf2 Rf8 34.
Rb7 f6 35. Ne6 Re8 36. Nf4 Nd4 37. Bh3 Qxh4 38. Bxg4 Qxg4 39. e3 Nf5 0-1

[Event "Summer Prague Open 2021 - A"]
[Site "Olympik hotel, Sokolovska 138"]
[Date "2021.08.06"]
[Round "1.23"]
[White "Pallas, Sebastian"]
[Black "Rathner, Raffael"]
[Result "1-0"]
[WhiteElo "2249"]
[BlackElo "1933"]
[PlyCount "79"]
[EventDate "2021.08.06"]

1. e4 c6 2. d4 d5 3. Nc3 dxe4 4. Nxe4 Bf5 5. Ng3 Bg6 6. h4 h6 7. Nf3 Nd7 8. h5
Bh7 9. Bd3 Bxd3 10. Qxd3 e6 11. Bf4 Qa5+ 12. Bd2 Bb4 13. Ne4 Qb6 14. O-O-O Ngf6
15. Nxf6+ Nxf6 16. Ne5 Bxd2+ 17. Qxd2 Rd8 18. g4 Nd7 19. Nc4 Qc7 20. f4 b5 21.
Na3 Nf6 22. Rhg1 Ne4 23. Qe3 f5 24. gxf5 exf5 25. Rg6 Rd6 26. Rxd6 Qxd6 27. d5
O-O 28. dxc6 Qxc6 29. Qb3+ Kh7 30. Qxb5 Qc7 31. Qf1 Qf7 32. Nc4 Qxh5 33. Ne3
Qf7 34. Rd5 Qh5 35. c4 Ng3 36. Qf2 Ne4 37. Qg2 Rf7 38. Nxf5 Rxf5 39. Qxe4 g6
40. Qe7+ 1-0

[Event "Summer Prague Open 2021 - A"]
[Site "Olympik hotel, Sokolovska 138"]
[Date "2021.08.06"]
[Round "1.24"]
[White "Mindl, Josef"]
[Black "Gimenez Menchon, Cesar"]
[Result "0-1"]
[WhiteElo "1932"]
[BlackElo "2246"]
[PlyCount "62"]
[EventDate "2021.08.06"]

1. e4 c6 2. d4 d5 3. exd5 cxd5 4. c4 Nf6 5. Nc3 Nc6 6. Bg5 e6 7. Nf3 Be7 8. c5
O-O 9. Bb5 h6 10. Bh4 Ne4 11. Bxe7 Nxe7 12. O-O b6 13. cxb6 Qxb6 14. Bd3 Ba6
15. Nxe4 dxe4 16. Bxe4 Bxf1 17. Bxa8 Bxg2 18. Kxg2 Rxa8 19. Qb3 Qd6 20. Rc1 Rb8
21. Qa3 Qf4 22. Rc2 Qg4+ 23. Kf1 Rb7 24. Qc3 Qh3+ 25. Ke2 Rb5 26. Qd3 Rf5 27.
Qe4 Nd5 28. Rc8+ Kh7 29. Rf8 Qh5 30. a4 Nf4+ 31. Kd2 Ng6 0-1

[Event "Summer Prague Open 2021 - B"]
[Site "Olympik hotel, Sokolovska 138,"]
[Date "2021.08.06"]
[Round "1.1"]
[White "Al-Dhabbi, Fares"]
[Black "Akerman, Jan"]
[Result "1-0"]
[WhiteElo "1918"]
[BlackElo "1538"]
[PlyCount "117"]
[EventDate "2021.08.06"]

1. e4 e5 2. Nf3 Nc6 3. d4 exd4 4. Bc4 Nf6 5. O-O Nxe4 6. Re1 d5 7. Bxd5 Qxd5 8.
Nc3 Qd8 9. Rxe4+ Be7 10. Nb5 O-O 11. Bf4 Bf5 12. Re1 Rc8 13. Nbxd4 Nxd4 14.
Nxd4 Bd7 15. Qh5 Bf6 16. Rad1 Re8 17. c3 c5 18. Nf5 Rxe1+ 19. Rxe1 g6 20. Nh6+
Kg7 21. Qf3 Bc6 22. Qg3 Bd7 23. Qf3 b6 24. Be5 Be6 25. Ng4 Bxg4 26. Bxf6+ Qxf6
27. Qxg4 Rd8 28. Qe2 Qe6 29. Qxe6 fxe6 30. Kf1 Kf7 31. Ke2 Kf6 32. h4 Kf5 33.
Rh1 h5 34. Rh3 e5 35. Rf3+ Ke6 36. a3 c4 37. Re3 Kf5 38. Rf3+ Ke6 39. Rg3 Kf5
40. Rf3+ Ke6 41. Rg3 Kf5 42. Rg5+ Kf6 43. g4 hxg4 44. Rxg4 Rd3 45. Rxc4 Rd6 46.
f4 exf4 47. Rxf4+ Ke5 48. Ke3 Rd3+ 49. Kxd3 Kxf4 50. c4 Kg4 51. b4 Kxh4 52. c5
bxc5 53. bxc5 g5 54. c6 g4 55. c7 g3 56. c8=Q g2 57. Qc5 Kg3 58. Qxa7 Kh2 59.
a4 1-0

[Event "Summer Prague Open 2021 - B"]
[Site "Olympik hotel, Sokolovska 138,"]
[Date "2021.08.06"]
[Round "1.2"]
[White "Kleprlik, Jan"]
[Black "Korenek, Frantisek"]
[Result "0-1"]
[WhiteElo "1533"]
[BlackElo "1896"]
[PlyCount "110"]
[EventDate "2021.08.06"]

1. d4 Nf6 2. Nf3 e6 3. g3 b6 4. Bg2 Bb7 5. O-O Be7 6. c3 O-O 7. b3 c5 8. Bb2 d5
9. Nbd2 Nbd7 10. Re1 Rc8 11. Rc1 Qc7 12. c4 Rfd8 13. e3 Qb8 14. Rc2 dxc4 15.
Nxc4 Qa8 16. Ncd2 Ne4 17. a3 Nxd2 18. Rxd2 Nf6 19. Nh4 Ne4 20. Bxe4 Bxe4 21. f3
Bc6 22. Rf1 Bxh4 23. gxh4 cxd4 24. Rxd4 e5 25. Rxd8+ Rxd8 26. Qe2 f6 27. e4 Be8
28. Rd1 Bf7 29. Rxd8+ Qxd8 30. Qc2 h6 31. Kg2 Qd7 32. Kg3 Qe6 33. b4 Qa2 34.
Qc1 Qb3 35. Qc3 Qd1 36. Qc1 Qe2 37. Bc3 Bh5 38. Qh1 Qd3 39. Be1 Qxa3 40. Qg2
Qd3 41. Qf2 b5 42. Bd2 a6 43. Qe3 Qf1 44. Qf2 Qd1 45. Qe3 Bxf3 46. Qxf3 Qxd2
47. Qb3+ Kh7 48. Qe6 Qf4+ 49. Kg2 Qxe4+ 50. Kf1 Qh1+ 51. Ke2 Qxh2+ 52. Kd3 Qg3+
53. Kd2 Qf2+ 54. Kd1 Qd4+ 55. Kc1 Qc4+ 0-1